Complete the Movie Title (1982) - Statistics

General Stats
  • This quiz has been taken 235 times
    225 since last reset
  • The average score is 15 of 25
Answer Stats
Hint Answer % Correct
E.T. the _____ Extra-Terrestrial
96%
_____ Runner Blade
94%
Fast Times at _____mont High Ridge
85%
Dead Men Don’t Wear _____ Plaid
84%
First _____ Blood
80%
The Best Little _____ in Texas Whorehouse
80%
The _____ According to Garp World
80%
Star Trek II: The _____ of Khan Wrath
78%
The Sword and the _____ Sorceror
76%
Pink Floyd: The _____ Wall
74%
_____show Creep
65%
Halloween III: Season of the _____ Witch
62%
Night _____ Shift
58%
Young _____ in Love Doctors
57%
_____ People Cat
56%
Amityville II: The _____ Possession
55%
The _____master Beast
51%
The _____ of NIMH Secret
51%
The Last _____ Unicorn
45%
_____ Under the Sun Evil
43%
Forced _____ Vengeance
43%
Silent _____ Rage
42%
Some Kind of _____ Hero
34%
My Favorite _____ Year
30%
_____ of the Pink Panther Trail
29%
No matching quizzes found
Score Distribution
Percent of People with Each Score
Percentile by Number Answered
Your Score History
You have not taken this quiz since the last reset